Culture Générale - Série 1704 - Statistiques

Statistiques générales
  • Ce quiz a été pris 85 fois
  • Le résultat moyen est 5 sur 10
Statistiques - réponses
Question Réponse % Correct
Dans le dessin animé qui porte son nom, quel animal est Franklin ? tortue
77%
Quel malaise matinal des femmes enceintes, est également le titre d'un roman de Jean-Paul Sartre ? La Nausée
69%
Avec le finnois, quelle est la seconde langue officielle de la Finlande ? Suédois
54%
Quelle plante potagère de la famille des betteraves, dont on consomme les côtes et les feuilles larges, est aussi appelée "poirée" ? bette
53%
Quelle actrice française est la mère du comédien Christian Vadim ? Catherine Deneuve
49%
Quel film de 1979, récompensé par 5 Oscars, réunit à l'écran Dustin Hoffman et Meryl Streep ? Kramer contre Kramer
45%
Dans quel département de France peut-on visiter l'abbaye de Cluny ? Saône et Loire
38%
Quel État des États-Unis, cher à Bill Clinton, a pour capitale Little Rock ? Arkansas
36%
Quel chanteur français, prénommé Pierre, a connu un succès international, en 1974, avec le titre : "Lady Lay" ? Pierre Groscolas
33%
Dans la série télévisée "Les Cordier, juge et flic", quelle comédienne, prénommée Charlotte, incarne la journaliste, fille du commissaire Cordier ? Charlotte Valandrey
28%
Aucun quiz correspondant
Distribution des résultats
% des personnes avec chaque résultat
Percentile par nombre de réponses
Votre historique - résultats
Vous n’avez pas pris ce quiz